[Event "6. Torneo Distrito Chamartin 2017"]
[Site "Madrid ESP"]
[Date "2017.09.05"]
[Round "3.35"]
[White "Yeghikyan, Yeva"]
[Black "Rottenwoerer, Christoph"]
[Result "0-1"]
[WhiteElo "1106"]
[BlackElo "1691"]
[PlyCount "50"]
[EventDate "2017.09.04"]
[EventType "swiss"]
[EventRounds "9"]
[EventCountry "ESP"]
[SourceTitle "Ajedrez en Madrid"]
[Source "lmi"]
[SourceDate "2017.09.04"]
[SourceVersion "1"]
[SourceVersionDate "2018.03.05"]
[SourceQuality "1"]

1. d4 Nf6 2. c4 g6 3. Nc3 Bg7 4. Nf3 O-O 5. g3 d6 6. Bg2 Nc6 7. O-O Bd7 8. d5
Na5 9. b4 Nxc4 10. Qb3 b5 11. Nd2 Nb6 12. Bb2 Ng4 13. h3 Ne5 14. f4 Nec4 15.
Rf3 Nxd2 16. Qc2 Nxf3+ 17. Bxf3 Nc4 18. Re1 a5 19. a3 axb4 20. axb4 Bd4+ 21.
Kh2 Bf2 22. Ra1 Ne3 23. Rxa8 Qxa8 24. Ne4 Nxc2 25. Nxf2 Nxb4 0-1

[Event "6. Torneo Distrito Chamartin 2017"]
[Site "Madrid ESP"]
[Date "2017.09.05"]
[Round "3.36"]
[White "Juzgado Niella, Angel Luis"]
[Black "Di Pietro Moreno, Fatima"]
[Result "1/2-1/2"]
[WhiteElo "1620"]
[BlackElo "1403"]
[PlyCount "50"]
[EventDate "2017.09.04"]
[EventType "swiss"]
[EventRounds "9"]
[EventCountry "ESP"]
[SourceTitle "Ajedrez en Madrid"]
[Source "lmi"]
[SourceDate "2017.09.04"]
[SourceVersion "1"]
[SourceVersionDate "2018.03.05"]
[SourceQuality "1"]

1. e4 e6 2. d4 d5 3. e5 c5 4. c3 Qb6 5. Nf3 Nc6 6. a3 Bd7 7. b4 cxd4 8. cxd4
Nge7 9. Nc3 Nf5 10. Na4 Qd8 11. Nc5 Rb8 12. g4 Bxc5 13. dxc5 Nfe7 14. Bg5 h6
15. Bxe7 Qxe7 16. Bd3 O-O 17. Qe2 f6 18. O-O b6 19. b5 Nxe5 20. Nxe5 fxe5 21.
c6 e4 22. Bxe4 dxe4 23. cxd7 Qxd7 24. Qxe4 Qxb5 25. Qxe6+ Kh8 1/2-1/2

[Event "6. Torneo Distrito Chamartin 2017"]
[Site "Madrid ESP"]
[Date "2017.09.05"]
[Round "3.38"]
[White "Bellagamba, Pascal"]
[Black "Sanchez Rivero, Miguel"]
[Result "1-0"]
[WhiteElo "1653"]
[BlackElo "1716"]
[PlyCount "55"]
[EventDate "2017.09.04"]
[EventType "swiss"]
[EventRounds "9"]
[EventCountry "ESP"]
[SourceTitle "Ajedrez en Madrid"]
[Source "lmi"]
[SourceDate "2017.09.04"]
[SourceVersion "1"]
[SourceVersionDate "2018.03.05"]
[SourceQuality "1"]

1. e4 c5 2. Nc3 d6 3. g3 Nc6 4. Bg2 Nf6 5. d3 e6 6. Nge2 d5 7. Bg5 d4 8. Nb1
Qb6 9. b3 Be7 10. Nd2 h6 11. Nc4 Qc7 12. Bxf6 Bxf6 13. a4 Na5 14. Nd2 O-O 15.
O-O Rb8 16. f4 e5 17. Nf3 Nc6 18. f5 Bd7 19. g4 b5 20. axb5 Rxb5 21. Ng3 g6 22.
Qd2 Kg7 23. h4 Qd8 24. g5 hxg5 25. hxg5 Be7 26. f6+ Bxf6 27. gxf6+ Qxf6 28.
Nxd4 1-0

[Event "6. Torneo Distrito Chamartin 2017"]
[Site "Madrid ESP"]
[Date "2017.09.05"]
[Round "3.39"]
[White "Diaz Begonte, Manuel"]
[Black "Bermudez Valles, Juan Alejandro"]
[Result "1-0"]
[WhiteElo "1680"]
[BlackElo "1373"]
[PlyCount "33"]
[EventDate "2017.09.04"]
[EventType "swiss"]
[EventRounds "9"]
[EventCountry "ESP"]
[SourceTitle "Ajedrez en Madrid"]
[Source "lmi"]
[SourceDate "2017.09.04"]
[SourceVersion "1"]
[SourceVersionDate "2018.03.05"]
[SourceQuality "1"]

1. e4 e5 2. d4 Qf6 3. dxe5 Qxe5 4. Bd3 Nf6 5. Nf3 Qe6 6. O-O Bc5 7. Nc3 O-O 8.
e5 Ng4 9. Bxh7+ Kh8 10. Ne4 Bb6 11. Nfg5 Nxf2 12. Nxf2 Qxe5 13. Qh5 g6 14.
Bxg6+ Kg7 15. Qh7+ Kf6 16. Nxf7 Bxf2+ 17. Rxf2+ 1-0

[Event "6. Torneo Distrito Chamartin 2017"]
[Site "Madrid ESP"]
[Date "2017.09.05"]
[Round "3.40"]
[White "Centeno Mateos, Domingo"]
[Black "Martinez Martinez, Antonio"]
[Result "1-0"]
[WhiteElo "1349"]
[BlackElo "1525"]
[PlyCount "101"]
[EventDate "2017.09.04"]
[EventType "swiss"]
[EventRounds "9"]
[EventCountry "ESP"]
[SourceTitle "Ajedrez en Madrid"]
[Source "lmi"]
[SourceDate "2017.09.04"]
[SourceVersion "1"]
[SourceVersionDate "2018.03.05"]
[SourceQuality "1"]

1. d4 g6 2. c4 d6 3. Nc3 c6 4. Nf3 Bg7 5. Bf4 Bg4 6. e4 Bxf3 7. gxf3 Qb6 8. Na4
Qxd4 9. Qxd4 Bxd4 10. Rd1 Bg7 11. Be2 Nd7 12. h4 h6 13. Bg3 a6 14. Kd2 b5 15.
Nc3 Nb6 16. b3 Nf6 17. Rhe1 Nfd7 18. Kc2 O-O 19. f4 h5 20. f3 b4 21. Nb1 c5 22.
a4 Kh8 23. Bd3 Bd4 24. f5 gxf5 25. exf5 Rae8 26. Nd2 Bc3 27. Rg1 Bd4 28. Rg2 d5
29. Be5+ Kh7 30. f6+ Kh8 31. fxe7+ Bxe5 32. exf8=Q+ Nxf8 33. Rg5 Bd4 34. Rxh5+
Kg7 35. Rg5+ Kh6 36. cxd5 Rd8 37. Be4 Nbd7 38. f4 Nf6 39. Bf3 Be3 40. Rf5 Kg6
41. Re5 Bxf4 42. Rg1+ Kh6 43. Rf5 Bxd2 44. Rxf6+ Ng6 45. Kxd2 Kg7 46. Rxa6 Kf8
47. h5 Ne5 48. Be4 Nd7 49. h6 Ke7 50. h7 Nf6 51. Rxf6 1-0

[Event "6. Torneo Distrito Chamartin 2017"]
[Site "Madrid ESP"]
[Date "2017.09.05"]
[Round "3.41"]
[White "Gallego Romero, Manuel"]
[Black "Villarroya Samaniego, Javier"]
[Result "1-0"]
[WhiteElo "1475"]
[BlackElo "1358"]
[PlyCount "166"]
[EventDate "2017.09.04"]
[EventType "swiss"]
[EventRounds "9"]
[EventCountry "ESP"]
[SourceTitle "Ajedrez en Madrid"]
[Source "lmi"]
[SourceDate "2017.09.04"]
[SourceVersion "1"]
[SourceVersionDate "2018.03.05"]
[SourceQuality "1"]

1. e4 e6 2. d4 d5 3. Nc3 Nf6 4. e5 Nfd7 5. f4 c5 6. Nf3 Nc6 7. Be3 a6 8. a3 b5
9. Be2 Bb7 10. O-O Qb6 11. Re1 Be7 12. Bf1 O-O-O 13. Ne2 c4 14. c3 Na5 15. Nc1
h6 16. b4 Nc6 17. a4 Rdg8 18. axb5 axb5 19. Re2 Ncb8 20. Ra3 Qd8 21. Rea2 g5
22. fxg5 hxg5 23. g4 Rg7 24. Ne2 Qc7 25. Ng3 f6 26. Nh5 Rg6 27. exf6 Bxf6 28.
Bf2 Be7 29. Bg3 Bd6 30. Bxd6 Qxd6 31. Qe1 Re8 32. Re2 Qf8 33. Ne5 Nxe5 34. Rxe5
Nd7 35. Re3 Qg8 36. Ra2 Nf6 37. Nxf6 Rxf6 38. Rae2 Bc6 39. Qg3 Qf7 40. Bg2 Rf8
41. Qe1 Bd7 42. Ra2 Kd8 43. Ra8+ Bc8 44. Qa1 Qb7 45. Qa5+ Ke8 46. Qa7 Qxa7 47.
Rxa7 Kd8 48. Rg7 Rf4 49. Rxg5 Ke7 50. Rg7+ Kd6 51. h4 Re8 52. Rg6 Rff8 53. h5
Rg8 54. Rxg8 Rxg8 55. Rg3 Bd7 56. g5 Be8 57. Bf3 Rh8 58. h6 Bg6 59. Kh2 e5 60.
dxe5+ Kxe5 61. Rg4 Rf8 62. Kg2 Rf4 63. Kg3 Rxg4+ 64. Kxg4 d4 65. cxd4+ Kxd4 66.
Bd1 c3 67. Kf4 Kd3 68. Ke5 Kd2 69. Bb3 c2 70. Bxc2 Kxc2 71. Kf6 Bd3 72. g6 Kc3
73. g7 Bc4 74. h7 Kxb4 75. h8=Q Kb3 76. g8=Q Bxg8 77. Qxg8+ Ka3 78. Qg3+ Ka4
79. Qe1 b4 80. Qb1 b3 81. Qb2 Kb4 82. Ke5 Kc4 83. Ke4 Kb4 1-0

[Event "6. Torneo Distrito Chamartin 2017"]
[Site "Madrid ESP"]
[Date "2017.09.05"]
[Round "3.42"]
[White "Sanchez Lucena, Juan"]
[Black "Martin Rodriguez, Jose Luis"]
[Result "1-0"]
[WhiteElo "1449"]
[BlackElo "1291"]
[PlyCount "69"]
[EventDate "2017.09.04"]
[EventType "swiss"]
[EventRounds "9"]
[EventCountry "ESP"]
[SourceTitle "Ajedrez en Madrid"]
[Source "lmi"]
[SourceDate "2017.09.04"]
[SourceVersion "1"]
[SourceVersionDate "2018.03.05"]
[SourceQuality "1"]

1. d4 Nf6 2. Nf3 e6 3. a3 d5 4. e3 Nc6 5. c4 dxc4 6. Bxc4 Bd7 7. Nc3 a6 8. Ne2
Bd6 9. Ng3 Bxg3 10. hxg3 h6 11. b4 b5 12. Bd3 Qe7 13. Bb2 Nd5 14. Rc1 Qd6 15.
Ne5 Nxe5 16. dxe5 Qb6 17. Bd4 Qb8 18. Be4 c6 19. Bxd5 exd5 20. Qf3 Qd8 21. Qe2
Rc8 22. Qf1 Be6 23. f4 Qd7 24. Rc2 Bg4 25. Rf2 Qf5 26. Kd2 Qe4 27. f5 g5 28.
fxg6 Qxg6 29. Rf6 Qg8 30. Rhxh6 Rh7 31. Qf4 Rxh6 32. Rxh6 Kd7 33. e6+ Bxe6 34.
Bc5 Qg4 35. Qd6+ 1-0

[Event "6. Torneo Distrito Chamartin 2017"]
[Site "Madrid ESP"]
[Date "2017.09.05"]
[Round "3.43"]
[White "Perdiguero Herreros, Alejandro"]
[Black "Cerioni Serret, Luca"]
[Result "0-1"]
[WhiteElo "1263"]
[BlackElo "1419"]
[PlyCount "98"]
[EventDate "2017.09.04"]
[EventType "swiss"]
[EventRounds "9"]
[EventCountry "ESP"]
[SourceTitle "Ajedrez en Madrid"]
[Source "lmi"]
[SourceDate "2017.09.04"]
[SourceVersion "1"]
[SourceVersionDate "2018.03.05"]
[SourceQuality "1"]

1. e4 e5 2. Nf3 Nc6 3. Bc4 Nf6 4. Ng5 d5 5. exd5 b5 6. Bxb5 Qxd5 7. Bxc6+ Qxc6
8. O-O Bb7 9. Nf3 Bc5 10. d3 O-O-O 11. Nc3 e4 12. Ne5 Qe6 13. d4 Rxd4 14. Nd3
exd3 15. cxd3 Qg4 16. Qxg4+ Rxg4 17. g3 h5 18. h3 Rg6 19. Ne2 h4 20. g4 Nxg4
21. hxg4 Rxg4+ 22. Kh2 Bd6+ 23. f4 Rg2+ 24. Kh3 Rxe2 25. Rg1 Bd5 26. Kg4 Rg2+
27. Rxg2 Bxg2 28. Be3 h3 29. Kg3 Bb7 30. Kh2 g5 31. Rf1 Rh4 32. Bd2 Bxf4+ 33.
Bxf4 Rxf4 34. Rxf4 gxf4 35. Kxh3 Kd7 36. Kg4 f3 37. Kg3 Kd6 38. Kf2 Ke5 39. Ke3
f5 40. d4+ Kf6 41. Kf2 Kg5 42. Kg3 f4+ 43. Kf2 Kf5 44. Ke1 Ke4 45. Kd2 Kxd4 46.
Ke1 Ke3 47. Kf1 Ba6+ 48. Kg1 f2+ 49. Kh1 f1=Q+ 0-1

[Event "6. Torneo Distrito Chamartin 2017"]
[Site "Madrid ESP"]
[Date "2017.09.05"]
[Round "3.44"]
[White "Gonzalez Martinez, Maria Yolanda"]
[Black "Cupeiro Fernandez, Manuel"]
[Result "0-1"]
[WhiteElo "1145"]
[BlackElo "1527"]
[PlyCount "96"]
[EventDate "2017.09.04"]
[EventType "swiss"]
[EventRounds "9"]
[EventCountry "ESP"]
[SourceTitle "Ajedrez en Madrid"]
[Source "lmi"]
[SourceDate "2017.09.04"]
[SourceVersion "1"]
[SourceVersionDate "2018.03.05"]
[SourceQuality "1"]

1. e4 c6 2. Nf3 d5 3. Nc3 dxe4 4. Nxe4 Bf5 5. d3 Bxe4 6. Ne5 Bg6 7. Be2 Nd7 8.
Nxg6 hxg6 9. Bf4 e6 10. Qd2 Ngf6 11. Qe3 Nd5 12. Qd4 Nxf4 13. Qxf4 Nf6 14. h3
Bd6 15. Qc4 Qc7 16. a4 Nd5 17. g3 Bb4+ 18. c3 Bd6 19. h4 Nf6 20. O-O Rh7 21.
Kg2 Ke7 22. Rh1 Rah8 23. Rh3 g5 24. Rah1 gxh4 25. Rxh4 Rxh4 26. Rxh4 Rxh4 27.
Qxh4 Qd8 28. Qg5 g6 29. c4 Kd7 30. c5 Be7 31. Qe3 Kc8 32. b4 Nd5 33. Qd4 Bf6
34. Qg4 Nc3 35. a5 Nxe2 36. Qxe2 Qd4 37. Qe4 Qxe4+ 38. dxe4 Bc3 39. f4 Bxb4 40.
g4 Bxc5 41. Kf3 Kd7 42. e5 Bb4 43. Ke4 Bxa5 44. f5 exf5+ 45. gxf5 gxf5+ 46.
Kxf5 Ke7 47. Ke4 Ke6 48. Kf4 Bc7 0-1

[Event "6. Torneo Distrito Chamartin 2017"]
[Site "Madrid ESP"]
[Date "2017.09.06"]
[Round "4.1"]
[White "Sanchez Jerez, Emilio Miguel"]
[Black "Martin Duque, Jesus"]
[Result "1/2-1/2"]
[WhiteElo "2140"]
[BlackElo "2387"]
[PlyCount "71"]
[EventDate "2017.09.04"]
[EventType "swiss"]
[EventRounds "9"]
[EventCountry "ESP"]
[SourceTitle "Ajedrez en Madrid"]
[Source "lmi"]
[SourceDate "2017.09.04"]
[SourceVersion "1"]
[SourceVersionDate "2018.03.05"]
[SourceQuality "1"]

1. e4 c5 2. Nf3 e6 3. c3 Nf6 4. e5 Nd5 5. d4 cxd4 6. cxd4 d6 7. a3 Nc6 8. Bd3
Bd7 9. O-O Be7 10. Re1 O-O 11. Qc2 f5 12. exf6 Nxf6 13. Nc3 Rc8 14. Bg5 h6 15.
Be3 Ng4 16. Rad1 Kh8 17. Qe2 Be8 18. d5 exd5 19. Nxd5 Bh4 20. Bb1 Bf7 21. Qd3
Bg8 22. Qe4 Nge5 23. Nxe5 Nxe5 24. Nf4 Qf6 25. Rxd6 Qxd6 26. Qxe5 Rf6 27. Qxd6
Rxd6 28. Ng6+ Rxg6 29. Bxg6 Bf6 30. b4 Bh7 31. Bxh7 Kxh7 32. Rc1 Rd8 33. a4 Bb2
34. Rb1 Bc3 35. g4 b6 36. Kg2 1/2-1/2

[Event "6. Torneo Distrito Chamartin 2017"]
[Site "Madrid ESP"]
[Date "2017.09.06"]
[Round "4.2"]
[White "Delgado Alarcon, Jesus Francisco"]
[Black "Moreno Ibañez, Miguel"]
[Result "1/2-1/2"]
[WhiteElo "2094"]
[BlackElo "2289"]
[PlyCount "106"]
[EventDate "2017.09.04"]
[EventType "swiss"]
[EventRounds "9"]
[EventCountry "ESP"]
[SourceTitle "Ajedrez en Madrid"]
[Source "lmi"]
[SourceDate "2017.09.04"]
[SourceVersion "1"]
[SourceVersionDate "2018.03.05"]
[SourceQuality "1"]

1. d4 Nf6 2. c3 g6 3. e3 Bg7 4. f4 O-O 5. Nf3 d6 6. Bc4 Nc6 7. O-O Bf5 8. Nbd2
e5 9. b4 Ng4 10. Nb3 exf4 11. exf4 Re8 12. h3 Nf6 13. Ng5 d5 14. Bd3 Ne7 15.
Qc2 Bxd3 16. Qxd3 Nf5 17. Bd2 Ne4 18. Nc5 Nfd6 19. Rae1 Nxg5 20. fxg5 Rxe1 21.
Rxe1 b6 22. Nb3 Ne4 23. Qb5 Qd6 24. Rf1 a6 25. Qd3 Qc6 26. Rc1 Qc4 27. Qf3 Rf8
28. Bf4 f6 29. Nd2 Nxd2 30. Bxd2 fxg5 31. Qe3 h6 32. a3 Kh7 33. Re1 Qa2 34. Re2
Qb1+ 35. Be1 Rf4 36. Kh2 Qf5 37. Bg3 Re4 38. Qd3 Rxe2 39. Qxe2 b5 40. Bxc7 h5
41. g4 hxg4 42. hxg4 Qb1 43. Qe7 Qc2+ 44. Kh1 Qd1+ 45. Kh2 Kh6 46. Be5 Qe2+ 47.
Kh1 Qf1+ 48. Kh2 Bf8 49. Qe6 Qf2+ 50. Kh1 Qf1+ 51. Kh2 Qf2+ 52. Kh1 Qf1+ 53.
Kh2 Qf2+ 1/2-1/2

[Event "6. Torneo Distrito Chamartin 2017"]
[Site "Madrid ESP"]
[Date "2017.09.06"]
[Round "4.3"]
[White "Camarero Izquierdo, Juan Carlos"]
[Black "Quispe Arteaga, Gabriel"]
[Result "0-1"]
[WhiteElo "1844"]
[BlackElo "2197"]
[PlyCount "72"]
[EventDate "2017.09.04"]
[EventType "swiss"]
[EventRounds "9"]
[EventCountry "ESP"]
[SourceTitle "Ajedrez en Madrid"]
[Source "lmi"]
[SourceDate "2017.09.04"]
[SourceVersion "1"]
[SourceVersionDate "2018.03.05"]
[SourceQuality "1"]

1. d4 Nf6 2. Nc3 d5 3. Bg5 h6 4. Bh4 Nbd7 5. f3 c5 6. dxc5 e6 7. e4 Bxc5 8.
Bxf6 Qxf6 9. exd5 O-O 10. Qd2 exd5 11. O-O-O Nb6 12. g4 Bb4 13. h4 Bxc3 14.
bxc3 Qd6 15. Qd4 Qa3+ 16. Kd2 Qxa2 17. Nh3 Qa4 18. Qf2 Nc4+ 19. Bxc4 dxc4 20.
Ke1 Qc6 21. Rd4 a5 22. Qg3 a4 23. Rd6 Re8+ 24. Kf2 Qc5+ 25. Kg2 a3 26. Rdd1 a2
27. Nf2 Qa3 28. Ne4 Qb2 29. Qe1 Bxg4 30. fxg4 Qxc2+ 31. Kf3 a1=Q 32. Rxa1 Rxa1
33. Nf6+ gxf6 34. Qxe8+ Kg7 35. Re1 Ra2 36. Qe3 Qg2+ 0-1

[Event "6. Torneo Distrito Chamartin 2017"]
[Site "Madrid ESP"]
[Date "2017.09.06"]
[Round "4.4"]
[White "Solaesa Navalpotro, Luis Julio"]
[Black "Alfaya Marcelo, Roberto"]
[Result "0-1"]
[WhiteElo "2272"]
[BlackElo "2126"]
[PlyCount "90"]
[EventDate "2017.09.04"]
[EventType "swiss"]
[EventRounds "9"]
[EventCountry "ESP"]
[SourceTitle "Ajedrez en Madrid"]
[Source "lmi"]
[SourceDate "2017.09.04"]
[SourceVersion "1"]
[SourceVersionDate "2018.03.05"]
[SourceQuality "1"]

1. d4 Nf6 2. Nf3 e6 3. c4 b6 4. g3 Bb7 5. Bg2 Be7 6. Nc3 Ne4 7. Bd2 O-O 8. d5
Nxd2 9. Qxd2 d6 10. O-O e5 11. e4 a5 12. Ne1 Bf6 13. Nc2 Qe7 14. Ne3 g6 15. f4
exf4 16. gxf4 Na6 17. Rae1 Rae8 18. Ng4 Bg7 19. e5 Qh4 20. Nf6+ Bxf6 21. exf6
Bc8 22. Ne4 Bf5 23. Qf2 Qxf2+ 24. Kxf2 Bxe4 25. Bxe4 Nc5 26. Bc2 Nd7 27. Re7
Rxe7 28. fxe7 Re8 29. Re1 Nc5 30. b3 f5 31. a3 Kf7 32. b4 Nb7 33. h4 Rxe7 34.
Rh1 Re8 35. h5 Kg7 36. hxg6 hxg6 37. Rg1 Kf6 38. Rh1 axb4 39. axb4 Nd8 40. Ra1
Nf7 41. Ra7 Re7 42. Ra8 Nh6 43. Bd1 Re4 44. Be2 Rxf4+ 45. Ke1 Re4 0-1

[Event "6. Torneo Distrito Chamartin 2017"]
[Site "Madrid ESP"]
[Date "2017.09.06"]
[Round "4.5"]
[White "Alvarez Serrano, Carlos"]
[Black "Lozano Freras, Sergio"]
[Result "1-0"]
[WhiteElo "2212"]
[BlackElo "1969"]
[PlyCount "75"]
[EventDate "2017.09.04"]
[EventType "swiss"]
[EventRounds "9"]
[EventCountry "ESP"]
[SourceTitle "Ajedrez en Madrid"]
[Source "lmi"]
[SourceDate "2017.09.04"]
[SourceVersion "1"]
[SourceVersionDate "2018.03.05"]
[SourceQuality "1"]

1. d4 Nf6 2. c4 d6 3. Nf3 g6 4. g3 Bg7 5. Bg2 O-O 6. O-O a6 7. Nc3 Nc6 8. Qd3
b5 9. Nd2 Bf5 10. e4 Bd7 11. cxb5 axb5 12. Ne2 e5 13. d5 Nb4 14. Qb1 c5 15.
dxc6 Bxc6 16. Nb3 Qb6 17. Be3 Qb7 18. a3 Na6 19. Na5 Qd7 20. Nxc6 Qxc6 21. Rc1
Qd7 22. h3 Rfc8 23. b4 Rc6 24. Qd3 Rac8 25. Nc3 Rc4 26. Nxb5 Qxb5 27. Bf1 d5
28. exd5 e4 29. Rxc4 exd3 30. Rxc8+ Ne8 31. Bxd3 Qd7 32. Rac1 h6 33. Bxa6 Kh7
34. Bf1 Nf6 35. R8c5 Ne4 36. Rc7 Qxd5 37. Bg2 Qd3 38. Bxe4 1-0

[Event "6. Torneo Distrito Chamartin 2017"]
[Site "Madrid ESP"]
[Date "2017.09.06"]
[Round "4.6"]
[White "Blesa Fernandez, Francisco"]
[Black "Gomez Peco, Pablo"]
[Result "0-1"]
[WhiteElo "2010"]
[BlackElo "2192"]
[PlyCount "80"]
[EventDate "2017.09.04"]
[EventType "swiss"]
[EventRounds "9"]
[EventCountry "ESP"]
[SourceTitle "Ajedrez en Madrid"]
[Source "lmi"]
[SourceDate "2017.09.04"]
[SourceVersion "1"]
[SourceVersionDate "2018.03.05"]
[SourceQuality "1"]

1. d4 c6 2. c4 d5 3. Nf3 Nf6 4. Nc3 a6 5. c5 g6 6. h3 Bg7 7. Bf4 Nbd7 8. e3 O-O
9. Bd3 Ne8 10. O-O Nc7 11. e4 dxe4 12. Nxe4 Nf6 13. Nxf6+ Bxf6 14. Bc4 Nd5 15.
Be5 Be6 16. Qb3 Qc8 17. Rfe1 Rd8 18. Rad1 a5 19. a4 Nc7 20. Bxe6 Nxe6 21. Qe3
Rd5 22. Rd2 Qd8 23. Red1 Ra7 24. g4 Ra8 25. h4 Qf8 26. g5 Bg7 27. Qc3 h6 28.
Qe3 hxg5 29. Nxg5 Nxg5 30. hxg5 f6 31. gxf6 exf6 32. Bd6 Qe8 33. Re2 Qxe3 34.
Rxe3 Bf8 35. Bc7 Bxc5 36. Rde1 Rxd4 37. Re8+ Rxe8 38. Rxe8+ Kg7 39. Rb8 Rxa4
40. Rxb7 Rb4 0-1

[Event "6. Torneo Distrito Chamartin 2017"]
[Site "Madrid ESP"]
[Date "2017.09.06"]
[Round "4.7"]
[White "Lobato Lavin, Alvaro"]
[Black "Rottenwohrer Suarez, Juan"]
[Result "0-1"]
[WhiteElo "1937"]
[BlackElo "2180"]
[PlyCount "60"]
[EventDate "2017.09.04"]
[EventType "swiss"]
[EventRounds "9"]
[EventCountry "ESP"]
[SourceTitle "Ajedrez en Madrid"]
[Source "lmi"]
[SourceDate "2017.09.04"]
[SourceVersion "1"]
[SourceVersionDate "2018.03.05"]
[SourceQuality "1"]

1. e4 c5 2. Nf3 g6 3. d4 cxd4 4. c3 Bg7 5. Bc4 e6 6. cxd4 d5 7. exd5 exd5 8.
Bb5+ Nc6 9. O-O Nge7 10. Nc3 O-O 11. h3 Nf5 12. Bxc6 bxc6 13. Re1 Qd6 14. Ne5
f6 15. Nf3 Bd7 16. Na4 Rfe8 17. Rxe8+ Rxe8 18. Nc5 Bc8 19. b4 g5 20. g4 Ng3 21.
Kg2 Ne4 22. Be3 h5 23. Nh2 f5 24. gxf5 Qh6 25. Nxe4 Rxe4 26. Qd2 Bxf5 27. Nf3
Qg6 28. Nxg5 Bf6 29. Rg1 Rxe3 30. fxe3 Bxg5 0-1

[Event "6. Torneo Distrito Chamartin 2017"]
[Site "Madrid ESP"]
[Date "2017.09.06"]
[Round "4.8"]
[White "Martinez Fernandez, Raul"]
[Black "Perez Gonzalez, Daniel"]
[Result "1/2-1/2"]
[WhiteElo "2180"]
[BlackElo "1894"]
[PlyCount "60"]
[EventDate "2017.09.04"]
[EventType "swiss"]
[EventRounds "9"]
[EventCountry "ESP"]
[SourceTitle "Ajedrez en Madrid"]
[Source "lmi"]
[SourceDate "2017.09.04"]
[SourceVersion "1"]
[SourceVersionDate "2018.03.05"]
[SourceQuality "1"]

1. e4 c5 2. Nf3 d6 3. Bb5+ Nd7 4. O-O Ngf6 5. Re1 a6 6. Bf1 g6 7. c3 Bg7 8. d4
cxd4 9. cxd4 O-O 10. a4 b6 11. Bc4 Qc7 12. Bb3 Bb7 13. Nc3 e5 14. dxe5 dxe5 15.
Bg5 h6 16. Bxf6 Nxf6 17. Rc1 Rac8 18. Qd2 Bxe4 19. Nd5 Qb7 20. Nxf6+ Bxf6 21.
Qxh6 Bg7 22. Qh3 Bxf3 23. Qxf3 Qxf3 24. gxf3 Rfd8 25. Rxc8 Rxc8 26. Rd1 Rc6 27.
Rd7 Rf6 28. Bd5 a5 29. Kf1 Kf8 30. Rb7 Rf4 1/2-1/2

[Event "6. Torneo Distrito Chamartin 2017"]
[Site "Madrid ESP"]
[Date "2017.09.06"]
[Round "4.9"]
[White "Bustos Bernardo, Samuel"]
[Black "Zhou, Lulu"]
[Result "1-0"]
[WhiteElo "2096"]
[BlackElo "1928"]
[PlyCount "127"]
[EventDate "2017.09.04"]
[EventType "swiss"]
[EventRounds "9"]
[EventCountry "ESP"]
[SourceTitle "Ajedrez en Madrid"]
[Source "lmi"]
[SourceDate "2017.09.04"]
[SourceVersion "1"]
[SourceVersionDate "2018.03.05"]
[SourceQuality "1"]

1. Nf3 Nf6 2. c4 d6 3. d4 g6 4. Nc3 Bg7 5. e4 Nbd7 6. Be2 O-O 7. O-O e5 8. Re1
Re8 9. Bf1 b6 10. Rb1 Bb7 11. d5 a5 12. a3 h6 13. b4 Nh7 14. Bd3 Qe7 15. Be3
Nhf6 16. Nd2 axb4 17. axb4 Ba6 18. Ra1 Nh5 19. Ra3 Nf4 20. Bf1 Bb7 21. Qb3 Rxa3
22. Qxa3 Ra8 23. Qb2 Nf6 24. f3 g5 25. Ra1 Rb8 26. Ra7 g4 27. Qa2 Qd8 28. g3
Ng6 29. Be2 gxf3 30. Bxf3 Bc8 31. Nb5 Ne8 32. Be2 f5 33. c5 bxc5 34. bxc5 f4
35. Bf2 fxg3 36. hxg3 Bd7 37. Qa5 Qg5 38. Nxc7 Nf4 39. Bf1 Nh3+ 40. Bxh3 Bxh3
41. Nxe8 Rxe8 42. Qc7 Rf8 43. cxd6 Qg4 44. Qxg7+ Qxg7 45. Rxg7+ Kxg7 46. Nc4
Re8 47. Bb6 Kf6 48. Bc7 Rg8 49. Kf2 Bd7 50. Nb6 Rg7 51. Bd8+ Kg6 52. Nc4 Kf7
53. Nxe5+ Ke8 54. Bf6 Rg8 55. Nxd7 Kxd7 56. e5 Rf8 57. Kf3 h5 58. Ke4 Rg8 59.
Kf3 Rf8 60. Kg2 Ra8 61. Be7 Ke8 62. Kf3 Ra4 63. e6 Ra6 64. Kf4 1-0

[Event "6. Torneo Distrito Chamartin 2017"]
[Site "Madrid ESP"]
[Date "2017.09.06"]
[Round "4.10"]
[White "Fernandez Alvarez, Luis"]
[Black "Fernandez Aransay, Fernando"]
[Result "1-0"]
[WhiteElo "2088"]
[BlackElo "1844"]
[PlyCount "69"]
[EventDate "2017.09.04"]
[EventType "swiss"]
[EventRounds "9"]
[EventCountry "ESP"]
[SourceTitle "Ajedrez en Madrid"]
[Source "lmi"]
[SourceDate "2017.09.04"]
[SourceVersion "1"]
[SourceVersionDate "2018.03.05"]
[SourceQuality "1"]

1. e4 c5 2. Nf3 d6 3. d4 cxd4 4. Nxd4 Nf6 5. Nc3 g6 6. Be3 Bg7 7. f3 O-O 8. Qd2
Nc6 9. O-O-O d5 10. Kb1 e5 11. Nxc6 bxc6 12. exd5 Nxd5 13. Nxd5 cxd5 14. Qxd5
Qc7 15. Qxa8 Bf5 16. Qxf8+ Kxf8 17. Bd3 Be6 18. Rd2 Qa5 19. a3 Qd5 20. c4 Qa5
21. Rhd1 f5 22. Rc2 Bd7 23. Ka2 Qc7 24. c5 Bc6 25. Bc4 a5 26. Rcd2 Bf6 27. Bd5
Bb5 28. Rc1 a4 29. c6 Ke8 30. Be6 Bxc6 31. Rdc2 e4 32. Rxc6 Qe5 33. Rc8+ Ke7
34. Bc5+ Kxe6 35. Re8+ 1-0

[Event "6. Torneo Distrito Chamartin 2017"]
[Site "Madrid ESP"]
[Date "2017.09.06"]
[Round "4.11"]
[White "Marcos Herrero, Francisco"]
[Black "Aziz Ortego, Omar Luis"]
[Result "1/2-1/2"]
[WhiteElo "1872"]
[BlackElo "2069"]
[PlyCount "105"]
[EventDate "2017.09.04"]
[EventType "swiss"]
[EventRounds "9"]
[EventCountry "ESP"]
[SourceTitle "Ajedrez en Madrid"]
[Source "lmi"]
[SourceDate "2017.09.04"]
[SourceVersion "1"]
[SourceVersionDate "2018.03.05"]
[SourceQuality "1"]

1. Nf3 f5 2. d4 Nf6 3. g3 d5 4. c4 e6 5. Bg2 c6 6. O-O Be7 7. b3 O-O 8. Ba3 Ne4
9. Bxe7 Qxe7 10. Qc2 a5 11. a3 Bd7 12. Nbd2 Be8 13. Ne5 Nd7 14. Ndf3 Ndf6 15.
Nd3 Rd8 16. e3 g5 17. Nfe5 g4 18. Nf4 Nh5 19. Nxh5 Bxh5 20. Bxe4 fxe4 21. c5
Ra8 22. Ra2 Ra6 23. b4 Rfa8 24. Rfa1 Kg7 25. bxa5 Rxa5 26. a4 Kh6 27. Rb1 Kg5
28. Rb4 Be8 29. Rab2 R8a7 30. Qb3 Qf8 31. Rb1 h5 32. Rxb7 Rxa4 33. Rxa7 Rxa7
34. Qb6 Ra2 35. Rf1 Kf6 36. Nxc6 Bxc6 37. Qxc6 Qb8 38. Kg2 Ra7 39. Qb6 Qxb6 40.
cxb6 Rb7 41. Rb1 Ke7 42. h3 Kd6 43. hxg4 hxg4 44. Rh1 Rxb6 45. Rh4 Ke7 46. Rxg4
Kf6 47. Rg8 Kf7 48. Ra8 Rb2 49. g4 Kf6 50. Kg3 Rb1 51. Ra2 Rg1+ 52. Kf4 Rg2 53.
Rb2 1/2-1/2